000 01010nam a22003017a 4500
001 5920
003 FISKH
005 20250207122614.0
008 250207b cb ||||| |||| 00| 0 eng d
020 _a9780439800105
040 _aFISKH
_beng
_cFISKH
_dFISKH
050 _aPZ7.R982 L
082 _a 813.6
100 _aRylant, Cynthia
_d(1954-)
245 _aLighthouse family :
_bThe Storm /
_cBy Cynthia Rylant ; Illustrated by Preston McDaniels
250 _aFirst printing in 2005
260 _aNew York :
_bScholastic,
_c2002.
300 _a80 pages :
_billustrations ;
_c20 cm
505 _aR
520 _aPandora the cat becomes a lighthouse keeper and saves the life of Seabold the dog, and together the two of them create a family with three young mice rescued from the sea.
521 8 _a760
_bLexile
521 8 _aR
_bRaz-Plus
650 _2Animals
_aFamily
651 _2Lighthouses
_aStorm
700 _aMcDaniels, Preston
_dillustrator
942 _2ddc
_cBK
_n0
999 _c5920
_d5920